Evénements du 9 mai - Statistiques

Statistiques générales
  • Ce quiz a été pris 37 fois
  • Le résultat moyen est 6 sur 15
Statistiques - réponses
Hint Réponse % Correct
Nelson Mandela devient président de l'Afrique-du-Sud 1994
88%
Mort de Pascal Sevran 2008
69%
Naissance de l'athlète Marie-José Pérec 1968
66%
Mort de l'écrivain Agrippa d'Aubigné 1630
50%
Naissance de Claude Piéplu, comédien 1923
50%
Début de la bataille d'Artois 1915
47%
Assassinat d'Aldo Moro par les Brigades rouges 1978
41%
Naissance de l'égyptologue Howard Carter 1874
31%
Mort du physicien Gay-Lussac 1850
28%
Avénement du prince Rainier III de Monaco 1949
28%
Sortie du film Jeux Interdits 1952
28%
La Roumanie proclame son indépendance 1877
22%
Naissance du cavalier Eric Navet 1959
19%
Naissance de Pierre Desproges 1939
16%
Naissance de l'architecte Christian de Portzamparc 1944
13%
Aucun quiz correspondant
Distribution des résultats
% des personnes avec chaque résultat
Percentile par nombre de réponses
Votre historique - résultats
Vous n’avez pas pris ce quiz